000
00324nam a22001457a 4500
003
SGT
020
_a
9788119415755
082
_a
341
_b
AGA
100
_a
AGARWAL H O
245
_a
INTERNATIONAL LAW & HUMAN RIGHTS
250
_a
24
260
_a
PRAYAGRAJ
_b
CENTRAL LAW PUBLICATION
_c
2025
300
_a
1015
942
_2
ddc
_c
BK
999
_c
34096
_d
34096